01227 a2200229 45000010006000000050017000060080041000230030015000640400040000790800066001192450101001850200022002862500011003082640034003193000023003535050433003760410008008091000029008177000028008467000024008748560099008984941820260407155757.0260407a2018 arg spa dAR-UNSa-BCEJYS aAR-UNSa-BCEJYSbspacAR-UNSa-BCEJYS a336.226xTipos de impuestos. Impuestos directos e indirectos 10aImpuestos sobre los bienes personales y a la ganancia mínima presuntapexplicados y comentados a978-987-01-2150-3 a6a. ed 1aBuenos Aires :bErreparc2018 aix, 143 p.c27 cm. a1. Imposición sobre el patrimonio - 2. Hecho imponible - 3.Exenciones - 4. Valuación de bienes - 5. Régimen de responsabilidad sustituida - 6. Liquidación y pago del impuesto - - IMPUESTO A LA GANANCIA MÍNIMA PRESUNTA: 1. Impuesto a la ganancia mínima presunta - 2. Hecho imponible - 3. Bienes exentos, no computables y no considerados como activos - 4. Valuación de bienes - 5. Liquidación y pago del impuesto. aspa1 aCeldeiro, Ernesto Carlos1 aImirizaldu, Juan José1 aRofrano, Guido Omar41uhttps://www.biblioeco.unsa.edu.ar/pmb/images/libros/L128084.jpgyImagen de portadaqimage/jpeg